Rob Van Dam's career opponents - Statistics

General Stats
  • This quiz has been taken 195 times
    37 since last reset
  • The average score is 80 of 178
Answer Stats
Answer % Correct
Jeff Hardy
100%
John Cena
100%
Kurt Angle
100%
Matt Hardy
100%
Christian
95%
Edge
95%
Randy Orton
95%
Sabu
95%
"Stone Cold" Steve Austin
95%
The Rock
95%
The Undertaker
95%
Tommy Dreamer
95%
Bubba Ray Dudley
91%
Dean Ambrose
91%
D-Von Dudley
91%
Kane
91%
Raven
91%
Ric Flair
91%
Seth Rollins
91%
Shawn Michaels
91%
Tazz
91%
The Big Show
91%
A.J. Styles
86%
Batista
86%
Booker T
86%
Chris Jericho
86%
Eddie Guerrero
86%
Luther Reigns
86%
Spike Dudley
86%
Triple H
86%
Abyss
82%
Bam Bam Bigelow
82%
Bobby Lashley
82%
Rey Mysterio
82%
Shelton Benjamin
82%
The Sandman
82%
Balls Mahoney
77%
Chris Benoit
77%
Umaga
77%
Al Snow
73%
Christopher Daniels
73%
James Storm
73%
Kenny King
73%
Mark Henry
73%
Rhino
73%
Shane Douglas
73%
Stevie Richards
73%
Sting
73%
Tajiri
73%
Test
73%
X-Pac
73%
Brock Lesnar
68%
Charlie Haas
68%
Davey Richards
68%
Goldust
68%
Lance Storm
68%
William Regal
68%
Alberto Del Rio
64%
Bobby Roode
64%
Carlito
64%
D'Lo Brown
64%
Hardcore Holly
64%
Jerry Lynn
64%
Jeff Jarrett
59%
John Morrison
59%
The Miz
59%
Axl Rotten
55%
Cesaro
55%
Chris Candido
55%
CW Anderson
55%
Darren Young
55%
Dory Funk Jr.
55%
Heath Slater
55%
Jack Swagger
55%
Justin Credible
55%
Rene Dupree
55%
Samoa Joe
55%
Wade Barrett
55%
Johnny Smith
50%
Orlando Jordan
50%
Scott Steiner
50%
Billy Kidman
45%
Elijah Burke
45%
Lance Cade
45%
Mark Jindrak
45%
Snitsky
45%
Kenzo Suzuki
41%
Masato Tanaka
41%
Mikey Whipwreck
41%
Mr. Perfect
41%
MVP
41%
Sylvain Grenier
41%
Chris Kanyon
36%
Doug Basham
36%
John Kronus
36%
Little Guido
36%
Marcus Cor Von
36%
Ryback
36%
Steve Corino
36%
Austin Aries
32%
Chris Hero
32%
Jack Perry
32%
Joey Mercury
32%
Kazarian
32%
Pitbull #1
32%
Pitbull #2
32%
Tracy Smothers
32%
Trevor Murdoch
32%
Amazing Red
27%
Curtis Axel
27%
Magnus
27%
Matt Striker
27%
Rico
27%
Roadkill
27%
Robbie E
27%
Rob Terry
27%
Santino Marella
27%
Curt Hawkins
23%
Damien Sandow
23%
Kevin Thorn
23%
Rip Rogers
23%
Rusev
23%
Too Cold Scorpio
23%
Tyson Tomko
23%
Akio
18%
Brian Cage
18%
Chief Morley
18%
Crimson
18%
Danny Doring
18%
Dave Taylor
18%
Kid Kash
18%
Paul Heyman
18%
Vinnie Vegas
18%
Aiden English
14%
Big E Langston
14%
Christian York
14%
Doug Furnas
14%
Heidenreich
14%
Mustafa Saed
14%
Neville
14%
Sami Callihan
14%
The Barbarian
14%
D'Angelo Dinero
9%
Desmond Wolfe
9%
Eddie Edwards
9%
Fandango
9%
Greg "The Hammer" Valentine
9%
Gunner
9%
Jerry Flynn
9%
Joey Ryan
9%
Matt Riddle
9%
Paul Diamond
9%
Samu
9%
Scotty Anton
9%
Uganda
9%
Zema Ion
9%
El Puerto Ricano
5%
EZ Money
5%
Hack Myers
5%
Jimmy Garvin
5%
Johnny the Bull
5%
Moose
5%
Mr. Anderson
5%
"Mr. Wonderful" Paul Orndorff
5%
Noam Dar
5%
One Man Gang
5%
Rod Price
5%
Super Nova
5%
Swerve Strickland
5%
Toru Yano
5%
Bobby Duncum Jr.
0%
Dan Kroffat
0%
Glen GIlbertti
0%
Joe E. Legend
0%
PN Neuz
0%
Shanghai Pierce
0%
Ulf Hermann
0%
Vito LoGrasso
0%
No matching quizzes found
Score Distribution
Percent of People with Each Score
Percentile by Number Answered
Your Score History
You have not taken this quiz since the last reset